| 000 | 00645cam a2200229 a 4500 | ||
|---|---|---|---|
| 001 | 1006795 | ||
| 005 | 20180829045309.0 | ||
| 008 | 871125s1988 paua b 001 0 eng c | ||
| 010 | _a 87034225 | ||
| 020 | _a0397507720 (set) | ||
| 040 |
_aDNLM/DLC _cDLC _dDLC |
||
| 041 | _aeng | ||
| 060 | _aWE 168 O61 | ||
| 080 | _a617.3 | ||
| 082 | 0 | 0 |
_a617.3 _219 |
| 100 | _a8 | ||
| 101 | _aORT | ||
| 245 | 0 | 0 |
_aOperative orthopaedics / _cedited by Michael W. Chapman ; Michael Madison, managing editor ; 196 contributors. |
| 504 | _aIncludes bibliographies and index. | ||
| 906 |
_a7 _bcbc _corignew _d1 _eocip _f19 _gy-gencatlg |
||
| 942 |
_2ddc _cBK |
||
| 999 |
_c47401 _d47401 |
||